| 000 | 00728nam a2200181 a 4500 | ||
|---|---|---|---|
| 001 | 000037775 | ||
| 005 | 20201002031119.0 | ||
| 008 | 130306s2005 sp a 000 0 spa d | ||
| 020 | _a8400083997 | ||
| 040 |
_aDO-SdBNP _bspa _cBNPHU |
||
| 245 | 0 | 0 |
_aLandscapes as cultural heritage in the european research : _bproceedings of the open workshop Madrid, 29th October 2004 / _cMaría Ruiz del Árbol y Almudena Orejas (editoras). |
| 260 |
_aMadrid : _bConsejo Superior de Investigaciones Científicas , _c2005. |
||
| 300 |
_a172 p. : _bil. ; _c24 cm. |
||
| 490 | 1 |
_aBiblioteca de ciencias _n22 |
|
| 700 | 1 |
_aÁrbol, María Ruiz del _eed. _964225 |
|
| 700 | 1 |
_aOrejas, Almudena _eed. _964226 |
|
| 830 | 0 |
_aBiblioteca de ciencias _v22 _938842 |
|
| 999 |
_c37265 _d37265 |
||